00377nam a2200145Ia 4500008004100000082001600041100002300057245005000080250000800130260002800138300000800166500002400174650001500198700001800213230524s9999 xx 000 0 und d a658.45bTRI aDwijendra Tripathi 4aThe Concise Oxford History of Indian Business a4TH aNEW DELHIbOxfordc2010 a265 aQuantity Number: 2 aManagement a Jyoti Jumani